00695nam a2200241 a 4500001001300000003000900013005001700022008004100039020001000080082001700090100002200107245001600129260006200145300000900207500003500216505001000251650002300261700002200284902000800306942000700314952011700321999001500438nice12345678IN_TiNIC20260116011749.0050524s1964 hyda grp 000 0 urd  ac10000a181.07bKHA1 aKhan, Ghulam Umar aRuh-E-Islam aHyderabadbInst.Of Indo-Middle East Cultural Studiec1964 a112p aincludes index and biblioraphy2 aIndex aPhilosophy-Islamic1 aKhan, Ghulam Umar bSRS cBK 001040708StackRoom-aHMIbHMId2007-08-01g100.00l0o181.07 KHA1p06339r2007-08-01v100.00w2005-05-24yBK c3778d3778